01454nab a2200265 i 4500003000900000005001700009007000300026008004100029040003000070041000800100110007100108245006600179264009100245300006700336310001500403336002700418337003400445338002800479362004700507521046600554650007301020773006301093942001501156999001701171DO-SdBNP20250603102927.0ta250603e1992 dr bn|p|r||||||0| |0spa d aDO-SdBNPbspacBNPHUerda hspa aRepública Dominicana. Dirección General de Bellas Artes987962 aEl día del músico /cDirección General de Bellas Artes. aSanto Domingo, República Dominicana : bDirección General de Bellas Artes, c1992. aúltima página : bilustraciones, fotografías ; c28 cm.  aBimestral. atextobtxt2rdacontent asin mediación bn2rdamedia avolumenbnc2rdacarrier aAño 2. No. 6 (septiembre-octubre, 1992). a22 de noviembre. El día del músico: es el día del pueblo dominicano, que ama, siente, vive la música. Es también el día más oportuno para que felicitemos con orgullo tanto a la música de la Orquesta Sinfónica Nacional y de conjuntos de Cámara como a los músicos de las orquestas y agrupaciones populares. Dedicamos, en este Día, un pensamiento especial a los maestros de música, porque ellos aseguran el porvenir musical del país.  0aMúsicos945195vPublicaciones periódicaszRepública Dominicana0 0366049324462o2025-4776tAuditorium.w(DO-SdBNP)000037114 2ddccISSUE c59126d59126